Responses for Show #2998 - Wednesday, September 17, 1997

Pam Mifflin game 4.

Contestants

[<< previous game]

Deb Abbey, a substitute teacher from Patterson, North Carolina

Elizabeth Salinas, a historic interpreter from Silver Spring, Maryland

Pam Mifflin, a computer trainer from Brookfield, Wisconsin (whose 3-day cash winnings total $42,300)

[next game >>]

Jeopardy! Round responses

FEMINISM
CITIES
(Alex: I'll give you a number of cities, you have to tell me the country these cities are found in.)
TV THEMES
WHAT'S THE PITCH
(Alex: We're dealing with commercials here--we'll give you the pitch, you identify the product.)
THE BIBLE
"A" MEN
    $100 21
Herstory

Pam
    $100 1
Mexico

Pam
    $100 4
The Simpsons

Deb
    $100 11
Chevrolet

Deb
    $100 22
23rd

Elizabeth
    $100 16
Akihito

Elizabeth
    $200 23
sports

Pam
    $200 2
(Deb: What is Iran?)

Iraq

ElizabethDeb
    $200 5
(Deb: What is The Tonight Show?)
...
(Alex: Just as popular as The Tonight Show and probably more so--more people watch it!)

Wheel of Fortune

ElizabethDeb
    $200 12
milk

Deb
    $200 24
Herod

Elizabeth
    $200 17
John J. Audubon

Deb
    $300 25
(Deb: What is saying "obey" in her marriage vows?)

changing her last name to her husband's

ElizabethDeb
    $300 3
Finland

Deb
    $300 8
Roseanne

Deb
    $300 13
Nike

Deb
    $300 28
Exodus

Pam
    $300 18
Mario Andretti

Pam
    $400 26
(Alex: ...less than a minute to go in the round.)

Equal Rights Amendment (ERA)

Elizabeth
    $400 6
Morocco

Elizabeth
    $400 9
(Deb: What is Masterpiece Theatre?)

Mystery!

ElizabethDeb
    $400 14
American Express

Elizabeth
    $1,000 29
[The end-of-round signal sounds.]

The Apostles

Pam
    $400 19
Edward Albee

Elizabeth
    $500 27
Billie Jean King

Deb
    $500 7
Latvia

Elizabeth
    $500 10
(Alex: Oh, no one's going to ring in on this one? One of my favorite shows--[*]. And we had three of the stars from that series in our celebrity tournament last year.)

Law & Order

Triple Stumper
    $500 15
Shake 'n Bake

Triple Stumper
    $500 20
Richard Avedon

Elizabeth

Scores at the first commercial break (after clue 15):

Pam Elizabeth Deb
$100 $2,100 $500

Scores at the end of the Jeopardy! Round:

Pam Elizabeth Deb
$2,000 $4,100 $900

Double Jeopardy! Round responses

DEPT. OF THE INTERIOR
THE TROPHY CASE
THE LOWELLS
TREES
U.S. PRESIDENTS: WHERE ARE THEY NOW?
AROUND THE HOUSE WITH PIERRE
    $200 24
(E: What is oil?)
(D: What is mercury?)

Water

PamElizabethDeb
    $200 11
Heisman Trophy

Triple Stumper
    $200 14
Mars

Elizabeth
    $200 15
Oaks

Elizabeth
    $200 6
Thomas Jefferson

Pam
    $200 1
Pen

Elizabeth
    $400 25
Bruce Babbitt

Elizabeth
    $400 12
The Stanley Cup

Deb
    $400 20
Abraham Lincoln

Pam
    $400 16
Balsa

Elizabeth
    $400 7
Franklin Delano Roosevelt

Elizabeth
    $400 2
Window

Pam
    $600 26
Bureau of Land Management

Elizabeth
    $600 13
Lombardi Trophy

Pam
    $600 21
WGBH

Elizabeth
    $2,000 17
Carob

Elizabeth
    $600 8
Ulysses S. Grant

Elizabeth
    $600 3
Dog

Deb
    $800 27
National Park Service

Elizabeth
    $800 29
(P: Who is Larry Brown?)

Lawrence O'Brien

Pam
Triple Stumper
    $800 22
Prometheus

Elizabeth
    $800 18
Cypress

Deb
    $800 9
Martin Van Buren

Pam
    $800 4
Floor

Pam
    $1000 28
Bureau of Indian Affairs

Elizabeth
    $1000 30
The Davis Cup

Elizabeth
    $1000 23
Amy Lowell

Deb
    $1000 19
Pecan

Elizabeth
    $3,000 10
(P: Who is Hayes?)

Warren G. Harding

Pam
    $1000 5
Hand

Pam

Scores at the end of the Double Jeopardy! Round:

Pam Elizabeth Deb
$2,600 $14,100 $3,500
(lock game)

[wagering suggestions for these scores]

Final Jeopardy! Round responses

1997 FILMS
(Alex: Boy, there's some I have yet to see!)
(Alex: Well, the Carl in this case is for the late Carl Sagan, who died just before/or around the time the film was released, so he did not get to see it; it was based on one of his novels.)
PamWhat is H.B. Hi Jeremy
$1,000
DebWhat is The
$2,500
ElizabethWhat ?
$900
"Contact"

Final scores:

Pam Elizabeth Deb
$1,600 $13,200 $1,000
2nd place: Sony VAIO Desktop PC & Bush Computer Desk New champion: $13,200 3rd place: Meade Model 395 Telescope

Game dynamics:

Coryat scores:

Pam Elizabeth Deb
$5,000 $12,700 $3,500
14 R
(including 1 DD),
2 W
(including 1 DD)
28 R
(including 1 DD),
1 W
12 R,
5 W

Combined Coryat: $21,200

[game clues] [game scores] [suggest correction]

Game tape date: Unknown
The J! Archive is created by fans, for fans. Scraping, republication, monetization, and malicious use prohibited; this site may use cookies and collect identifying information. See terms. The Jeopardy! game show and all elements thereof, including but not limited to copyright and trademark thereto, are the property of Jeopardy Productions, Inc. and are protected under law. This website is not affiliated with, sponsored by, or operated by Jeopardy Productions, Inc. Join the discussion at JBoard.tv.